Homecoming / script, Andrew Dabb ; pencils, Chris ... Read More
Available copies
- 1 of 1 copy available at LARL/NWRL Consortium. (Show)
- 1 of 1 copy available at Lake Agassiz Regional Library.
Current holds
0 current holds with 1 total copy.
Show Only Available Copies
| Location | Call Number / Copy Notes | Barcode | Shelving Location | Status | Due Date |
|---|---|---|---|---|---|
| Moorhead Public Library | J G DAB (Text) | 33500010323087 | Main | Available | - |
Record details
- ISBN: 9781599613727
- ISBN: 1599613727
- Physical Description: 1 v. (unpaged) : col. ill. ; 27 cm.
- Edition: Exclusive reinforced library bound ed.
- Publisher: Edina, Minn. : Spotlight, 2008.
Content descriptions
| General Note: | Revision of issue 2 (Jan. 2006) of G.I. Joe Sigma 6. |
| Summary, etc.: | Spirit comes face-to-face with a dreadful threat ... Read More |
Search for related items by subject
| Subject: | Graphic novels. Cartoons and comics. Comic books, strips, etc. > Juvenile fiction. |
| Genre: | Graphic novels. Caricatures and cartoons. |
Search for related items by series
| LDR | 01735cam a2200397 a 4500 | ||
|---|---|---|---|
| 001 | 113402 | ||
| 003 | LARL_NWRL_CONSORTIUM | ||
| 005 | 20100128134117.0 | ||
| 008 | 061020s2008 mnua 6 000 | eng | ||
| 020 | . | ‡a9781599613727 | |
| 020 | . | ‡a1599613727 | |
| 035 | . | ‡a(OCoLC)74569894 | |
| 042 | . | ‡alcac | |
| 082 | 0 | 0. | ‡a741.5/973 ‡222 |
| 100 | 1 | . | ‡aDabb, Andrew. ‡0(LARL_NWRL_CONSORTIUM)206323 |
| 245 | 1 | 0. | ‡aHomecoming / ‡cscript, Andrew Dabb ; pencils, Chris Lie ; inks, Ramanda Kamarga ; colors, Capitaine Blitzkrieg ; lettering, Brian J. Crowley ; editor, Mike O'Sullivan. |
| 250 | . | ‡aExclusive reinforced library bound ed. | |
| 260 | . | ‡aEdina, Minn. : ‡bSpotlight, ‡c2008. | |
| 300 | . | ‡a1 v. (unpaged) : ‡bcol. ill. ; ‡c27 cm. | |
| 490 | 0 | . | ‡aG.I. Joe Sigma 6 |
| 500 | . | ‡aRevision of issue 2 (Jan. 2006) of G.I. Joe Sigma 6. | |
| 520 | . | ‡aSpirit comes face-to-face with a dreadful threat when he goes home on leave--not his mother's cooking! Instead it's Zartan, the evil master of disguise! How can you defeat an enemy that can look like anyone? High-speed action based on the hit television show! | |
| 650 | 1. | ‡aGraphic novels. ‡0(LARL_NWRL_CONSORTIUM)40036 | |
| 650 | 1. | ‡aCartoons and comics. ‡0(LARL_NWRL_CONSORTIUM)175912 | |
| 650 | 0. | ‡aComic books, strips, etc. ‡vJuvenile fiction. | |
| 655 | 0. | ‡aGraphic novels. | |
| 655 | 0. | ‡aCaricatures and cartoons. | |
| 700 | 1 | . | ‡aLie, Chris. ‡0(LARL_NWRL_CONSORTIUM)196648 |
| 700 | 1 | . | ‡aO'Sullivan, Mike. ‡0(LARL_NWRL_CONSORTIUM)196649 |
| 901 | . | ‡a113402 ‡bOCLC ‡c113402 ‡tbiblio | |

Add to basket
Permalink
Disable Highlighting